<?xml version="1.0" encoding="UTF-8"?>
<record
    xmlns:xsi="http://www.w3.org/2001/XMLSchema-instance"
    xsi:schemaLocation="http://www.loc.gov/MARC21/slim http://www.loc.gov/standards/marcxml/schema/MARC21slim.xsd"
    xmlns="http://www.loc.gov/MARC21/slim">

  <leader>     nam a22     7a 4500</leader>
  <datafield tag="999" ind1=" " ind2=" ">
    <subfield code="c">7169</subfield>
    <subfield code="d">7169</subfield>
  </datafield>
  <controlfield tag="003">OSt</controlfield>
  <controlfield tag="005">20181030171429.0</controlfield>
  <controlfield tag="008">181030s2015    sp a   | ||||o000 0 spa d</controlfield>
  <datafield tag="020" ind1=" " ind2=" ">
    <subfield code="a">9788488788924</subfield>
  </datafield>
  <datafield tag="040" ind1=" " ind2=" ">
    <subfield code="a">SpMaBN</subfield>
    <subfield code="b">cat</subfield>
    <subfield code="c">CDMR</subfield>
  </datafield>
  <datafield tag="100" ind1="1" ind2=" ">
    <subfield code="a">Orduna, Guillermo</subfield>
    <subfield code="d">1954-</subfield>
  </datafield>
  <datafield tag="245" ind1="1" ind2="3">
    <subfield code="a">El periodista de radio y-- &#xBF;qui&#xE9;n est&#xE1; al otro lado?</subfield>
    <subfield code="c">Guillermo Orduna</subfield>
  </datafield>
  <datafield tag="260" ind1=" " ind2=" ">
    <subfield code="a">Madrid</subfield>
    <subfield code="b">Instituto Radio Televisi&#xF3;n Espa&#xF1;ola</subfield>
    <subfield code="c">D.L. 2015</subfield>
  </datafield>
  <datafield tag="300" ind1=" " ind2=" ">
    <subfield code="a">163 p.</subfield>
    <subfield code="b">il. col. y n., gr&#xE1;f.</subfield>
    <subfield code="c">24 cm</subfield>
  </datafield>
  <datafield tag="504" ind1=" " ind2=" ">
    <subfield code="a">Bibliograf&#xED;a: p. 159-161</subfield>
  </datafield>
  <datafield tag="650" ind1=" " ind2="4">
    <subfield code="a">Radiodifusi&#xF3; per Internet</subfield>
    <subfield code="9">4163</subfield>
  </datafield>
  <datafield tag="650" ind1="0" ind2="4">
    <subfield code="a">Guions radiof&#xF2;nics</subfield>
    <subfield code="9">3142</subfield>
  </datafield>
  <datafield tag="650" ind1="0" ind2="4">
    <subfield code="a">R&#xE0;dio</subfield>
    <subfield code="9">2800</subfield>
    <subfield code="x">Llenguatge</subfield>
  </datafield>
  <datafield tag="650" ind1="0" ind2="4">
    <subfield code="a">R&#xE0;dio</subfield>
    <subfield code="9">1724</subfield>
    <subfield code="x">Programaci&#xF3;</subfield>
  </datafield>
  <datafield tag="650" ind1="0" ind2="4">
    <subfield code="a">R&#xE0;dio</subfield>
    <subfield code="9">2384</subfield>
    <subfield code="x">T&#xE8;cnica</subfield>
  </datafield>
  <datafield tag="650" ind1="0" ind2="4">
    <subfield code="a">Radiodifusi&#xF3;</subfield>
    <subfield code="9">1981</subfield>
    <subfield code="x">Noticiaris</subfield>
  </datafield>
  <datafield tag="942" ind1=" " ind2=" ">
    <subfield code="c">MON</subfield>
  </datafield>
  <datafield tag="952" ind1=" " ind2=" ">
    <subfield code="0">0</subfield>
    <subfield code="1">0</subfield>
    <subfield code="4">0</subfield>
    <subfield code="7">0</subfield>
    <subfield code="a">CDMR</subfield>
    <subfield code="b">CDMR</subfield>
    <subfield code="d">2018-10-30</subfield>
    <subfield code="e">Intercanvi</subfield>
    <subfield code="g">18.00</subfield>
    <subfield code="l">3</subfield>
    <subfield code="m">2</subfield>
    <subfield code="o">Ei /4</subfield>
    <subfield code="p">CDMR18100012</subfield>
    <subfield code="r">2019-11-18</subfield>
    <subfield code="s">2019-11-06</subfield>
    <subfield code="v">18.00</subfield>
    <subfield code="w">2018-10-30</subfield>
    <subfield code="y">MON</subfield>
  </datafield>
</record>
